| 000 | 00674nam a2200205Ia 4500 | ||
|---|---|---|---|
| 003 | GCL | ||
| 008 | 140319s9999 xx 000 0 ara d | ||
| 040 |
_aGCL / _cGCL |
||
| 082 | 0 | 4 |
_a810.9 _bع ف |
| 100 | 1 | _aعائشة عبدالرحمن | |
| 245 | 1 | 0 |
_aقيم جديدة للادب العربى القديم والمعاصر / _cعائشة عبدالرحمن |
| 260 |
_a[S.N] : _bدار المعارف ، _c1992 |
||
| 300 | _a282 ص | ||
| 490 |
_aمكتبة الدراسات الادبية _v0 |
||
| 650 | 0 | 4 | _aالادب العربى |
| 650 | 0 | 4 | _aالعصر الحديث |
| 650 | 0 | 4 | _aالعصر الجاهلى |
| 650 | 0 | 4 | _aتاريخ ونقد |
| 942 |
_2ddc _cBK |
||
| 999 |
_c28651 _d28651 |
||